A dictionary of geography /

Đã lưu trong:
Sonraí Bibleagrafaíochta
Príomhúdar: Mayhew, Susan.
Formáid: Leabhar
Teanga:English
Foilsithe: Oxford [England] ; New York : Oxford University Press, 1997.
Eagrán:2nd ed.
Ábhair:
Clibeanna: Cuir Clib Leis
Gan Chlibeanna, Bí ar an gcéad duine leis an taifead seo a chlibeáil!
Thư viện lưu trữ: Mạng thư viện Đại học Đà Nẵng
LEADER 00850cam a2200337 i 4500
001 000045997
003 5218
005 20030314103947.0
008 010220|1997 vm 000 eng
020 |a 0192800345 
040 |a IRC  |c IRC  |d IRC 
041 0 |a eng 
082 1 4 |a 910.3  |b MA-S 
100 1 |a Mayhew, Susan. 
245 0 2 |a A dictionary of geography /  |c Susan Mayhew. 
250 |a 2nd ed. 
260 |a Oxford [England] ; New York :  |b Oxford University Press,  |c 1997. 
300 |a 460p. :  |b ill., maps. 
630 0 4 |a Geography. 
630 0 4 |a Dictionaries. 
650 0 4 |a Geography  |v Dictionaries. 
OWN |a DUT 
999 |a From the UDN01 
TYP |a Monograph 
TYP |a Printed language 
980 |a Mạng thư viện Đại học Đà Nẵng